IN VITRO FERTILIZATION, AND IN VITRO POD CULTURE IN OILSEED RAPE: A PROMISING TOOL FOR AGRO-PHYSIOLOGISTS STUDYING SEED GROWTH, COMPOSITION AND QUALITY, AND FOR BREEDERS

Bibliographic Details
Main Authors: Lardon, A. (Author), Triboi-Blondel, A. M. (Author), Dussauzet, C. (Author), Messaoud, J. (Author)
Format: Article
Language:English
ISBN:8071375004

MARC

LEADER 00000naa a2200000uu 4500
001 vtls010961227
003 SK-MaSNL
005 20260302141639.0
008 210907|1998 xo |||||||||||||||||eng|
015 |a SNBRA 
035 |a (urnnbn)urn:nbn:sk:snk:ar-a0bryc 
035 |a (uuid)d3e591ae-ff04-49d0-858e-59a90b67de5d 
035 |a urn:nbn:sk:snk-aaujm7 
040 |a SNKBUCL  |b slo  |c SNKBUCL  |e AACR2 
041 0 |a eng 
044 |a xo  |c SK 
100 1 |a Lardon, A.  |4 aut  |9 829371 
245 1 0 |a IN VITRO FERTILIZATION, AND IN VITRO POD CULTURE IN OILSEED RAPE: A PROMISING TOOL FOR AGRO-PHYSIOLOGISTS STUDYING SEED GROWTH, COMPOSITION AND QUALITY, AND FOR BREEDERS  |c A. Lardon, C. Dussauzet, J. Messaoud, A.M. Triboi-Blondel 
700 1 |a Triboi-Blondel, A. M.  |4 aut  |9 829369 
700 1 |a Dussauzet, C.  |4 aut  |9 829372 
700 1 |a Messaoud, J.  |4 aut  |9 829373 
773 0 |t Short communications  |d Nitra : Slovenská poľnohospodárska univerzita, 1998, 1998  |g S. 245-246  |z 8071375004 
958 |a OND 
958 |a article11 
958 |a chapter 
999 |c 1336359  |d 1338289